Problemas del desarrollo político
Guardat en:
| Autors principals: | , , |
|---|---|
| Format: | Llibre |
| Idioma: | espanyol |
| Publicat: |
Buenos Aires
Libera
1967
|
| Matèries: | |
| Etiquetes: |
Afegir etiqueta
Sense etiquetes, Sigues el primer a etiquetar aquest registre!
|
MARC
| LEADER | 00000nam a2200000 a 4500 | ||
|---|---|---|---|
| 001 | UCT6846 | ||
| 003 | CL-VaPUC | ||
| 008 | 970113e19670000AG |||||||||||||||||spa|d | ||
| 082 | 0 | 4 | |a 321.094 |b AND |2 21 |
| 100 | 0 | |a Anderson, Charles W |e author |9 377121 | |
| 700 | 0 | |a Mehden, Fred von der |e author |9 377122 | |
| 700 | 0 | |a Young, Crawford |e author |9 377123 | |
| 245 | 1 | 0 | |a Problemas del desarrollo político |
| 300 | |a 359 p | ||
| 942 | |c BK | ||
| 945 | |d 19970113 00:00:00 |a paguirre | ||
| 260 | |a Buenos Aires |b Libera |c 1967 | ||
| 650 | 0 | |a Política |9 255312 | |
| 650 | 0 | |a Desarrollo político |9 323087 | |
| 650 | 7 | |a REVOLUCION |2 CL-VaPUC |9 338298 | |
| 650 | 7 | |a REVOLUCIONES POLITICAS |2 CL-VaPUC |9 377124 | |
| 650 | 0 | |a Cambio social |9 256857 | |
| 650 | 0 | |a Violencia |9 255411 | |
| 650 | 7 | |a GUERRAS CIVILES |2 CL-VaPUC |9 361938 | |
| 651 | 7 | |a BIRMANIA |2 CL-VaPUC |9 357930 | |
| 651 | 0 | |a Colombia |9 256424 | |
| 583 | |a last modification |c 19970113 00:00:00 |k Rodrigo Vera | ||
| 999 | |c 255516 |d 255514 | ||
| 952 | |0 0 |1 0 |4 0 |6 321_094000000000000_AND_1967 |7 0 |8 A |9 277772 |a BIBDER |b BIBDER |d 2019-11-19 |i 1803298 |o 321.094 AND 1967 |p 1803298 |r 2023-01-25 |w 2019-11-19 |y BK |k DER | ||